| 000 | 00519nam a2200193 a 4500 | ||
|---|---|---|---|
| 005 | 20210219152954.0 | ||
| 008 | 991125n 000 0 u | ||
| 035 | _aUPN01000069887 | ||
| 100 | _aCROXATTO, Hector | ||
| 222 | _aREVISTA DEL CONVENIO ANDRES BELLO | ||
| 245 | _aCreación científica y creación artística | ||
| 300 | _a95-109 | ||
| 362 | _a1986 Año 10, no. 29 sep.-dic. | ||
| 653 | 0 | _aCREACION ARTISTICA | |
| 653 | 0 | _aPOESIA | |
| 653 | 0 | _aSIMBOLISMO | |
| 904 |
_aAC _b007698 |
||
| 905 | _aArticulo | ||
| 999 |
_c65157 _d65157 |
||